00640nam a22001697a 450000500170000001000150001702000270003203500130005903700130007208200080008524501590009326000400025227000730029230000290036550000500039470000260044420130607152330.0 aENG-107383 a9788178312316c1000.00 aEN-90916 bDBAD/PUB a250 aMonasteries shrines & society : cedited by Birendra Nath PrasadbBuddhist and Brahmanical religious institutions in India in their socio-economic context aNew DelhibManak Publicationsc2011 aB-7,Saraswati Complex, Subhash Chowk, Laxmi NagarbNew Delhie110092 ax,345p.:c23cm(Hb)bill. aIncludes bibliographical references and index aPrasad, Birendra Nath